El urbanismo en occidente / (Record no. 180916)

MARC details
000 -LEADER
campo de control de longitud fija 00691nam a2200205 i 4500
001 - NÚMERO DE CONTROL
campo de control 180916
003 - IDENTIFICADOR DE NÚMERO DE CONTROL
campo de control ES-MaACL
005 - FECHA Y HORA DE LA ÚLTIMA TRANSACCIÓN
campo de control 20250921063038.0
008 - DATOS DE LONGITUD FIJA--INFORMACIÓN GENERAL
campo de control de longitud fija 120828s1988 sp |||| | spa d
080 ## - NÚMERO DE LA CLASIFICACIÓN DECIMAL UNIVERSAL
Número de la Clasificación Decimal Universal 711
100 1# - ENTRADA PRINCIPAL--NOMBRE DE PERSONA
Nombre de persona Blázquez, José María,
Fechas asociadas al nombre 1926-
9 (RLIN) 141915
245 13 - MENCIÓN DEL TÍTULO
Título El urbanismo en occidente /
Mención de responsabilidad, etc. José María Blázquez Martínez.
260 ## - PUBLICACIÓN, DISTRIBUCIÓN, ETC.
Lugar de publicación, distribución, etc. [Albacete :
Nombre del editor, distribuidor, etc. Instituto de Estudios Albacetenses,
Fecha de publicación, distribución, etc. 1988?]
300 ## - DESCRIPCIÓN FÍSICA
Extensión P. 179-183 ;
Dimensiones 30 cm.
595 ## -
-- Separata del libro "Homenaje a Samuel de los Santos"
650 #7 - PUNTO DE ACCESO ADICIONAL DE MATERIA--TÉRMINO DE MATERIA
Término de materia o nombre geográfico como elemento de entrada Urbanismo
Fuente del encabezamiento o término embne
9 (RLIN) 17692
710 2# - ENTRADA AGREGADA--NOMBRE DE ENTIDAD CORPORATIVA
Nombre de entidad corporativa o nombre de jurisdicción como elemento de entrada Instituto de Estudios Albacetenses.
9 (RLIN) 4884
852 4# - LOCALIZACIÓN
Ubicación ES-MaACL
Número de control de estantería 2124-F-10
Holdings
Estatus retirado Estado de pérdida Estado de daño No para préstamo Colección Biblioteca de origen Biblioteca actual Ubicación en estantería Fecha de adquisición Fuente de adquisición Total de préstamos Signatura topográfica completa Código de barras Visto por última vez Precio de reemplazo Tipo de ítem Koha
        Colección de folletos Biblioteca del Ateneo de Madrid Biblioteca del Ateneo de Madrid Depósito folletos 28/08/2012     2124-F-10 1190113 23/02/2023 23/02/2023 Folleto